| 000 | 01998nam a2200445 c 4500 | ||
|---|---|---|---|
| 003 | BLK | ||
| 005 | 20180422103440.0 | ||
| 008 | 180408b bul|||||r ||||||| ||bul|| | ||
| 010 | _aKNG00079013000 | ||
| 020 |
_a978-954-321-341-2 _bиздат.: Изток-Запад - на том(ч. 1) |
||
| 040 | _aBLK | ||
| 041 |
_aBUL _cBUL |
||
| 080 |
_aТворчески и изпълнителски длъжности _b78.071 _x(497.2)(092) _z78.071(497.2)(092) |
||
| 080 |
_aБиографии _b929 _x(497.2) _z929(497.2) |
||
| 700 | 1 |
_aЖелева, Весела Костова _eавт. на том _9296977 |
|
| 700 | 1 |
_aЯнев, Емил Николов _eсъстав. и ред. _9371657 |
|
| 139 |
_aНеизвестно за известни български музиканти _bН 47 |
||
| 245 | 1 | 0 |
_aНеизвестно за известни български музиканти _bЧ. 1 - _cавт. на том Весела Костова Желева; състав. и ред. Емил Николов Янев. _nЧ. 1 |
| 257 | _aBGR | ||
| 260 |
_аСофия _c2007 - |
||
| 300 | _c23 см | ||
| 380 | _a7 | ||
| 590 | _aф | ||
| 650 | 4 |
_aМузика, българска _9241862 |
|
| 650 | 4 |
_aМузиканти, български _9260944 |
|
| 651 | 4 |
_aБългария _9241624 |
|
| 653 | _aпевци | ||
| 653 | _aпианисти | ||
| 653 | _aистория на музиката | ||
| 653 | _aмузиканти | ||
| 653 | _aдиригенти | ||
| 653 | _aбиографии | ||
| 653 | _aнародна музика | ||
| 760 | 1 |
_3- на том(ч. 1) _dИзток-Запад, 2007 _h424 с. : със сн. _nДруги авт. : Ем. Янев, М. Вълчанов, М. Букурещлиев, Пр. Горанова, Ст. Караиванов. - Съдържа и Бележки за авторите _tЧ. 1 |
|
| 852 | _aЦб 236699 | ||
| 856 | 4 |
_qpdf _u |
|
| 856 | 4 |
_qpdf _u |
|
| 942 |
_cKNG _n0 |
||
| 944 |
_aCR _c08.11.2007 _kМилена_Ачева |
||
| 944 |
_aED _c24.01.2015 _kИрена_Линкова |
||
| 999 |
_c74610 _d74610 |
||